[Event "ISL-chT1 2122"]
[Site "Reykjavik"]
[Date "2022.03.05"]
[Round "9.3"]
[White "Sigurjonsson, Stefan Thor"]
[Black "Crevatin, Leo"]
[Result "1-0"]
[WhiteElo "2088"]
[BlackElo "2224"]
[PlyCount "98"]
[EventDate "2021.09.30"]
[EventType "team-tourn"]
[EventRounds "10"]
[EventCountry "ISL"]
[SourceTitle "EXT 2023"]
[Source "ChessBase"]
[SourceDate "2022.10.05"]
[SourceVersion "1"]
[SourceVersionDate "2022.10.05"]
[SourceQuality "1"]
[WhiteTeam "Vikingaklubburinn"]
[BlackTeam "Taflfelag Gardabaejar"]
[WhiteTeamCountry "ISL"]
[BlackTeamCountry "ISL"]

1. e4 c6 2. d4 d5 3. exd5 cxd5 4. Bd3 Nc6 5. c3 Qc7 6. h3 g6 7. Nf3 Bg7 8. 0-0 Nf6 9. Re1 0-0 10. Qc2 Nh5 11. Nbd2 Nf4 12. Nf1 Nxd3 13. Qxd3 Bf5 14. Qe2 Rad8 15. Ng3 Bd7 16. Ne5 Rfe8 17. Bf4 Qb6 18. b3 Bc8 19. Qf3 f6 20. Ng4 Bxg4 21. Qxg4 e5 22. dxe5 fxe5 23. Bg5 Rd6 24. Rad1 Rf8 25. Re2 e4 26. Qh4 Ne5 27. c4 dxc4 28. Rxd6 Qxd6 29. Qxe4 cxb3 30. axb3 Qd1+ 31. Re1 Qxb3 32. Rb1 Qf7 33. Be3 Nc6 34. Qa4 Rd8 35. Ne4 Bd4 36. Ng5 Qd5 37. Rb5 Qd7 38. Qb3+ Kf8 39. Rxb7 Na5 40. Rxd7 Nxb3 41. Rxd8+ Ke7 42. Rxd4 Nxd4 43. Bxd4 a5 44. Nxh7 a4 45. f4 a3 46. g4 a2 47. f5 gxf5 48. gxf5 a1B 49. Bxa1 Ke8 1-0

[Event "ISL-chT 1617"]
[Site "Reykjavik"]
[Date "2016.10.01"]
[Round "4.4"]
[White "Bergsson, Stefan"]
[Black "Sigurjonsson, Stefan Thor"]
[Result "0-1"]
[WhiteElo "2018"]
[BlackElo "2102"]
[PlyCount "74"]
[EventDate "2016.09.29"]
[EventType "team-tourn"]
[EventRounds "9"]
[EventCountry "ISL"]
[SourceTitle "EXT 2018"]
[Source "ChessBase"]
[SourceDate "2017.10.13"]
[SourceVersion "1"]
[SourceVersionDate "2017.10.13"]
[SourceQuality "1"]
[WhiteTeam "Akureyri"]
[BlackTeam "Vikingaklubburinn"]
[WhiteTeamCountry "ISL"]
[BlackTeamCountry "ISL"]

1. c4 e6 2. g3 c5 3. Nf3 Nc6 4. Bg2 Nf6 5. 0-0 Be7 6. d4 cxd4 7. Nxd4 0-0 8. Nc3 a6 9. e4 Qb6 10. Nc2 Qc5 11. Be3 Qxc4 12. Rc1 Ne5 13. h3 Nd3 14. Rb1 Nxb2 15. Qd2 Na4 16. Rb3 Nxc3 17. Rxc3 Qa4 18. f3 b5 19. Qf2 Bb7 20. Rd1 Rfc8 21. Rd4 Qxa2 22. Rxc8+ Rxc8 23. Rd2 Qb1+ 24. Kh2 d5 25. e5 Nd7 26. Bd4 Bc5 27. f4 b4 28. f5 Bxd4 29. Nxd4 Nxe5 30. fxe6 fxe6 31. Nxe6 Qg6 32. Nf4 Qh6 33. Qe2 Qf6 34. Bxd5+ Bxd5 35. Nxd5 Qd6 36. Kg2 b3 37. Qe4 Rc2 0-1

[Event "ISL-chT 1516"]
[Site "Reykjavik"]
[Date "2015.09.25"]
[Round "2.1"]
[White "Gunnarsson, Gunnar K"]
[Black "Sigurjonsson, Stefan Thor"]
[Result "0-1"]
[WhiteElo "2164"]
[BlackElo "2118"]
[PlyCount "64"]
[EventDate "2015.09.24"]
[EventType "team-tourn"]
[EventRounds "9"]
[EventCountry "ISL"]
[SourceTitle "EXT 2017"]
[Source "ChessBase"]
[SourceDate "2016.10.25"]
[SourceVersion "1"]
[SourceVersionDate "2016.10.25"]
[SourceQuality "1"]
[WhiteTeam "KR CC"]
[BlackTeam "The Viking"]
[WhiteTeamCountry "ISL"]
[BlackTeamCountry "ISL"]

1. d4 d5 2. c4 e6 3. cxd5 exd5 4. Nc3 Nf6 5. Bg5 Be7 6. Nf3 0-0 7. e3 Re8 8. Bd3 Nbd7 9. 0-0 c6 10. h3 h6 11. Bf4 Nf8 12. Qc2 Ne6 13. Bh2 Bd6 14. Ne5 a6 15. f4 c5 16. f5 Nxd4 17. exd4 cxd4 18. Nf3 dxc3 19. Qxc3 Qb6+ 20. Kh1 Bxh2 21. Kxh2 Bd7 22. Rfe1 Ne4 23. Bxe4 dxe4 24. Nd4 Qf6 25. Rad1 Bxf5 26. Qc7 Re7 27. Qg3 Bd7 28. Ne2 Qxb2 29. Nc3 Bc6 30. Qd6 Rd7 31. Qc5 Rxd1 32. Rxd1 e3 0-1

[Event "ISL-chT 1516"]
[Site "Reykjavik"]
[Date "2015.09.24"]
[Round "1.5"]
[White "Johannesson, Oliver Aron"]
[Black "Sigurjonsson, Stefan Thor"]
[Result "0-1"]
[WhiteElo "2198"]
[BlackElo "2118"]
[PlyCount "154"]
[EventDate "2015.09.24"]
[EventType "team-tourn"]
[EventRounds "9"]
[EventCountry "ISL"]
[SourceTitle "EXT 2017"]
[Source "ChessBase"]
[SourceDate "2016.10.25"]
[SourceVersion "1"]
[SourceVersionDate "2016.10.25"]
[SourceQuality "1"]
[WhiteTeam "Fjolnir"]
[BlackTeam "The Viking"]
[WhiteTeamCountry "ISL"]
[BlackTeamCountry "ISL"]

1. d4 e6 2. c4 d5 3. Nc3 Nf6 4. cxd5 exd5 5. Bg5 Be7 6. e3 0-0 7. Bd3 Re8 8. Nge2 Nbd7 9. 0-0 Nf8 10. f3 c6 11. h3 Qb6 12. Qc2 h6 13. Bh4 Ng4 14. Bf2 Nxf2 15. Rxf2 Bg5 16. f4 Bh4 17. Rf3 Bf6 18. Kh2 Ne6 19. Rd1 Bd7 20. Ng3 Rad8 21. Nh5 Be7 22. Rg3 Kh8 23. f5 Ng5 24. h4 Bd6 25. hxg5 Rxe3 26. Ne2 Qc7 27. Rf1 hxg5 28. Rff3 Rxf3 29. gxf3 Bxg3+ 30. Nhxg3 Qd6 31. Kg2 Re8 32. Qd2 Qh6 33. a3 Kg8 34. Nf1 Qh4 35. Nh2 f6 36. Ng4 Kf7 37. Ng3 Rh8 38. Qa5 Qh3+ 39. Kf2 Re8 40. Qxa7 Re7 41. Qc5 Qh8 42. Kg2 Qb8 43. Nh5 Re1 44. Kf2 Qe8 45. Ne5+ fxe5 46. Kxe1 exd4+ 47. Kd2 Qe3+ 48. Kc2 Qxf3 49. Nxg7 Qf2+ 50. Kd1 Qe3 51. Kc2 Kxg7 52. Qd6 Bxf5 53. Bxf5 Qf2+ 54. Kb3 Qxf5 55. Qe7+ Kg6 56. Qxb7 Qe6 57. a4 g4 58. a5 g3 59. a6 g2 60. a7 g1Q 61. a8Q Qc1 62. Qb4 c5 63. Qb5 Qc4+ 64. Qxc4 dxc4+ 65. Ka4 Qd7+ 66. Ka5 Qd6 67. Qg8+ Kf6 68. Qxc4 d3 69. Qh4+ Ke6 70. Qh3+ Ke7 71. Qe3+ Kd7 72. Qh3+ Kc7 73. Qh7+ Kb8 74. Qg8+ Kb7 75. Ka4 Qd7+ 76. Kb3 d2 77. Qg2+ Ka7 0-1

[Event "ISL-chT 1415"]
[Site "Reykjavik"]
[Date "2014.10.04"]
[Round "3.1"]
[White "Gunnarsson, Jon Viktor"]
[Black "Sigurjonsson, Stefan Thor"]
[Result "1-0"]
[WhiteElo "2426"]
[BlackElo "2143"]
[PlyCount "67"]
[EventDate "2014.10.02"]
[EventType "team-tourn"]
[EventRounds "9"]
[EventCountry "ISL"]
[SourceTitle "EXT 2015"]
[Source "ChessBase"]
[SourceDate "2014.11.20"]
[SourceVersion "1"]
[SourceVersionDate "2014.11.20"]
[SourceQuality "1"]
[WhiteTeam "Reykjavik Taflfelag"]
[BlackTeam "Vikingaklubburinn"]
[WhiteTeamCountry "ISL"]
[BlackTeamCountry "ISL"]

1. e4 e6 2. Nf3 d5 3. Nc3 c5 4. Bb5+ Bd7 5. Bxd7+ Qxd7 6. exd5 exd5 7. Ne5 Qd6 8. 0-0 Be7 9. d4 Nf6 10. Bf4 Qd8 11. dxc5 Bxc5 12. Qf3 0-0 13. Rad1 Nc6 14. Nxd5 Nd4 15. Nxf6+ Qxf6 16. Rxd4 Bxd4 17. Nd7 Qe7 18. Nxf8 Rxf8 19. c3 Bc5 20. Rd1 Re8 21. h3 b5 22. b4 Bb6 23. Bg3 h6 24. Rd5 Qe1+ 25. Kh2 Qa1 26. Re5 Rc8 27. Re2 Qb1 28. Qg4 Rc4 29. Qh5 Rxc3 30. Re8+ Kh7 31. Qxf7 Bd4 32. Qg8+ Kg6 33. Re6+ Bf6 34. Be5 1-0

[Event "ISL-chT 1415"]
[Site "Reykjavik"]
[Date "2014.10.04"]
[Round "4.5"]
[White "Sigfusson, Sigurdur Dadi"]
[Black "Sigurjonsson, Stefan Thor"]
[Result "1-0"]
[WhiteElo "2307"]
[BlackElo "2143"]
[PlyCount "121"]
[EventDate "2014.10.02"]
[EventType "team-tourn"]
[EventRounds "9"]
[EventCountry "ISL"]
[SourceTitle "EXT 2015"]
[Source "ChessBase"]
[SourceDate "2014.11.20"]
[SourceVersion "1"]
[SourceVersionDate "2014.11.20"]
[SourceQuality "1"]
[WhiteTeam "Huginn"]
[BlackTeam "Vikingaklubburinn"]
[WhiteTeamCountry "ISL"]
[BlackTeamCountry "ISL"]

1. e4 e6 2. d4 d5 3. Nc3 Bb4 4. e5 c5 5. a3 Bxc3+ 6. bxc3 Qc7 7. Nf3 b6 8. a4 Ba6 9. Bxa6 Nxa6 10. 0-0 Rc8 11. Ba3 Ne7 12. Qe2 Nb8 13. dxc5 bxc5 14. Rab1 0-0 15. Rb5 Nd7 16. c4 dxc4 17. Qxc4 Ng6 18. Re1 Rfd8 19. h4 Ngxe5 20. Nxe5 Nxe5 21. Qxc5 Qxc5 22. Rxc5 Rxc5 23. Bxc5 Nc6 24. Rb1 a5 25. Rb6 Rc8 26. Rb5 f6 27. Bb6 Rb8 28. c4 Kf7 29. h5 Ke7 30. Bc7 Ra8 31. c5 Kd7 32. Bd6 Ra7 33. Rb6 g6 34. h6 Nd8 35. Bb8 Ra8 36. Bf4 Rc8 37. Rb5 e5 38. Bd2 Ne6 39. Be3 f5 40. f3 f4 41. Bf2 Ra8 42. Rb6 Rc8 43. Rd6+ Ke7 44. Ra6 Nxc5 45. Bxc5+ Rxc5 46. Ra7+ Kf6 47. Rxh7 g5 48. Ra7 Rc8 49. Rxa5 Kg6 50. Rxe5 Kxh6 51. a5 Kg6 52. Kf2 Kf6 53. Re2 Ra8 54. Ra2 Ra6 55. Ke2 Ke5 56. Kd3 Kd5 57. Ra1 Kd6 58. Kd4 Kc6 59. Ke5 Ra8 60. a6 Kb6 61. a7 1-0

[Event "ISL-chT 1415"]
[Site "Reykjavik"]
[Date "2014.10.02"]
[Round "1.2"]
[White "Einarsson, Halldor Gretar"]
[Black "Sigurjonsson, Stefan Thor"]
[Result "1/2-1/2"]
[WhiteElo "2188"]
[BlackElo "2143"]
[PlyCount "95"]
[EventDate "2014.10.02"]
[EventType "team-tourn"]
[EventRounds "9"]
[EventCountry "ISL"]
[SourceTitle "EXT 2015"]
[Source "ChessBase"]
[SourceDate "2014.11.20"]
[SourceVersion "1"]
[SourceVersionDate "2014.11.20"]
[SourceQuality "1"]
[WhiteTeam "Bolungarvik"]
[BlackTeam "Vikingaklubburinn"]
[WhiteTeamCountry "ISL"]
[BlackTeamCountry "ISL"]

1. d4 d5 2. c4 e6 3. Nf3 Nf6 4. Nc3 c6 5. e3 Bd6 6. Qc2 Nbd7 7. Bd3 dxc4 8. Bxc4 e5 9. 0-0 0-0 10. Rd1 Qc7 11. h3 Nb6 12. dxe5 Bxe5 13. Nxe5 Qxe5 14. Bd3 Nbd5 15. Nxd5 cxd5 16. Bd2 h6 17. Bc3 Qg5 18. Kh2 Bd7 19. Rac1 Rac8 20. Qe2 Rfe8 21. Bd4 a6 22. f3 Nh5 23. Qf2 Rxc1 24. Rxc1 Nf4 25. Bb1 Ne6 26. Bc3 d4 27. Bd2 dxe3 28. Bxe3 Nf4 29. Rc5 Qxg2+ 30. Qxg2 Nxg2 31. Bc1 Nh4 32. Be4 b6 33. Rc7 Bf5 34. Bd5 Be6 35. Bxe6 Rxe6 36. Kg3 Nf5+ 37. Kf2 b5 38. a4 Nd4 39. Be3 Rc6 40. Rxc6 Nxc6 41. axb5 axb5 42. h4 Kf8 43. Bc5+ Ke8 44. Ke3 g6 45. Ke4 Kd7 46. Kd5 Nd8 47. Be3 h5 48. Kc5 1/2-1/2

[Event "Reykjavik op 23rd"]
[Site "Reykjavik"]
[Date "2008.03.11"]
[Round "9"]
[White "Frank Nielsen, Marie"]
[Black "Sigurjonsson, Stefan Thor"]
[Result "1/2-1/2"]
[WhiteElo "1969"]
[BlackElo "2136"]
[PlyCount "42"]
[EventDate "2008.03.03"]
[EventType "swiss"]
[EventRounds "9"]
[EventCountry "ISL"]
[SourceTitle "CBM 123 Extra"]
[Source "ChessBase"]
[SourceDate "2008.05.06"]
[SourceVersion "1"]
[SourceVersionDate "2008.05.06"]
[SourceQuality "1"]

1. e4 e6 2. d4 d5 3. Nc3 Bb4 4. Bd3 dxe4 5. Bxe4 f5 6. Bf3 Nf6 7. Nge2 0-0 8. 0-0 Nd5 9. a3 Be7 10. Nf4 Nxc3 11. bxc3 g5 12. Nd3 c5 13. Bb2 Nc6 14. Bxc6 bxc6 15. Ne5 Bf6 16. Re1 cxd4 17. cxd4 Qc7 18. Qe2 Rb8 19. c4 Ba6 20. Rac1 Bxe5 21. dxe5 Rb3 1/2-1/2

[Event "Reykjavik op 23rd"]
[Site "Reykjavik"]
[Date "2008.03.08"]
[Round "6"]
[White "Sigurjonsson, Stefan Thor"]
[Black "Gretarsson, Hjorvar Steinn"]
[Result "0-1"]
[WhiteElo "2136"]
[BlackElo "2247"]
[PlyCount "60"]
[EventDate "2008.03.03"]
[EventType "swiss"]
[EventRounds "9"]
[EventCountry "ISL"]
[SourceTitle "CBM 123 Extra"]
[Source "ChessBase"]
[SourceDate "2008.05.06"]
[SourceVersion "1"]
[SourceVersionDate "2008.05.06"]
[SourceQuality "1"]

1. d4 Nf6 2. Nf3 e6 3. c4 Bb4+ 4. Nc3 b6 5. Bg5 Bb7 6. a3 Bxc3+ 7. bxc3 c5 8. e3 d6 9. Bd3 Nbd7 10. 0-0 h6 11. Bh4 g5 12. Bg3 Qe7 13. Nd2 h5 14. h4 Rg8 15. hxg5 Rxg5 16. e4 0-0-0 17. d5 Rdg8 18. Nf3 Rg4 19. Re1 h4 20. Nxh4 Nh5 21. Nf3 Nxg3 22. fxg3 Rxg3 23. Ra2 Qf6 24. Rf2 Qxc3 25. a4 Ne5 26. Nxe5 Qxe5 27. Bf1 Rh3 28. Rxf7 Qh2+ 29. Kf2 Qg3+ 30. Kg1 Rgh8 0-1

[Event "Reykjavik op 23rd"]
[Site "Reykjavik"]
[Date "2008.03.04"]
[Round "2"]
[White "Sigurjonsson, Stefan Thor"]
[Black "Zozulia, Anna"]
[Result "0-1"]
[WhiteElo "2136"]
[BlackElo "2344"]
[PlyCount "82"]
[EventDate "2008.03.03"]
[EventType "swiss"]
[EventRounds "9"]
[EventCountry "ISL"]
[SourceTitle "CBM 123 Extra"]
[Source "ChessBase"]
[SourceDate "2008.05.06"]
[SourceVersion "1"]
[SourceVersionDate "2008.05.06"]
[SourceQuality "1"]

1. e4 c5 2. d4 cxd4 3. c3 dxc3 4. Nxc3 Nc6 5. Nf3 a6 6. Bc4 e6 7. 0-0 b5 8. Bb3 Bb7 9. Bf4 Nge7 10. Rc1 Ng6 11. Bg3 Be7 12. Re1 0-0 13. e5 Rc8 14. Bc2 Nb4 15. Bb1 Nd5 16. Ne4 Rxc1 17. Qxc1 Qb6 18. h4 Rc8 19. Qd1 h6 20. Nd6 Bxd6 21. exd6 Nf8 22. Ne5 f6 23. Qg4 Qa5 24. Rd1 Qb4 25. Qxb4 Nxb4 26. Ng4 h5 27. Ne3 Kf7 28. a3 Nd5 29. Be4 Nxe3 30. Bxb7 Rb8 31. fxe3 Rxb7 32. Rc1 e5 33. Be1 Rb6 34. Bb4 Rc6 35. Bc5 Ne6 36. b4 Nd8 37. Rd1 Nb7 38. Ba7 Nxd6 39. Bc5 Ke6 40. Bxd6 Rxd6 41. Rxd6+ Kxd6 0-1

[Event "Reykjavik op 23rd"]
[Site "Reykjavik"]
[Date "2008.03.03"]
[Round "1"]
[White "Arakhamia Grant, Ketevan"]
[Black "Sigurjonsson, Stefan Thor"]
[Result "1-0"]
[WhiteElo "2457"]
[BlackElo "2136"]
[PlyCount "73"]
[EventDate "2008.03.03"]
[EventType "swiss"]
[EventRounds "9"]
[EventCountry "ISL"]
[SourceTitle "CBM 123 Extra"]
[Source "ChessBase"]
[SourceDate "2008.05.06"]
[SourceVersion "1"]
[SourceVersionDate "2008.05.06"]
[SourceQuality "1"]

1. e4 e6 2. d4 d5 3. Nc3 Bb4 4. e5 c5 5. a3 Ba5 6. b4 cxd4 7. Nb5 Bc7 8. f4 Ne7 9. Bd3 Nf5 10. Nf3 Bd7 11. Nxc7+ Qxc7 12. Bb2 Nc6 13. Bxf5 exf5 14. 0-0 0-0 15. Bxd4 Nxd4 16. Nxd4 Rac8 17. Qf3 Qb6 18. Qf2 Rc4 19. Rad1 Rfc8 20. Rd3 g6 21. Qe3 Bb5 22. Rfd1 Ba4 23. h4 Bxc2 24. Nxc2 Rxc2 25. Qxb6 axb6 26. Rxd5 R8c3 27. R1d3 Rc4 28. R5d4 b5 29. h5 Ra2 30. h6 Kf8 31. Rd8+ Ke7 32. R8d7+ Ke8 33. Rd8+ Ke7 34. R8d7+ Ke8 35. e6 Rcc2 36. exf7+ Kf8 37. Re3 1-0